Questions-réponses sur Chambéry - Statistiques

Statistiques générales
  • Ce quiz a été pris 166 fois
  • Le résultat moyen est 9 sur 16
Statistiques - réponses
Questions Réponses % Correct
Lacs situés à moins de quinze kilomètres de Chambéry. Lac du Bourget
92%
Duché, dernier en date à avoir été intégré à la France telle qu'on la connait aujourd'hui, dont Chambéry fut capitale jusqu'en 1562. Également le nom du département. Le Duché de Savoie
90%
Chaîne de montagnes au pied de laquelle se trouve Chambéry. Les Alpes
90%
Station thermale située à quinze kilomètres au Nord de Chambéry sur le plus vaste des deux lacs précités. Aix-les-Bains
87%
Couteau tranchant de haute qualité fabriqué à Chambéry depuis que son inventeur qui lui a donné son nom délocalisa sa production à Cognin dans la banlieue de Chambéry en 1920. Opinel
86%
Pays qui bombarda Chambéry le 26 mai 1944 faisant environ 200 victimes, 300 blessés, 3 000 sans-abris, rasant le tiers des immeubles du centre-ville soit 10 à 12 hectares. Les États-Unis d'Amérique
59%
Linceul sacré que le château des Ducs de [réponse précédente] abrita jusqu'en 1562 lorsque les Ducs transférèrent leur capitale à Turin. Le Saint-Suaire
54%
Massif montagneux d'altitude moyenne qui s'étend depuis Chambéry jusqu'à Grenoble. Le massif de la Chartreuse
49%
Coureur cycliste américain sacré champion du monde à Chambery en 1989. Greg LeMond
45%
Lacs situés à moins de quinze kilomètres de Chambéry. Lac d'Aiguebelette
44%
Autre massif qui s'étend à l'Est de Chambéry et rejoint des villes comme Annecy ou Albertville. Le massif des Bauges
43%
Courant religieux auquel appartient l'Association saint Pie V de Chambéry et la Chapelle Saint Curé d'Ars située à la Rue des Fleurs. Le sédévacantisme
34%
Philosophe et essayiste monarchiste et martiniste, grand pourfendeur des idéaux de la Révolution française qui fonda en 1778 une loge maçonnique à Chambéry selon le rite écossais rectifié. Les "Soirées de Saint-Pétersbourg" comptent parmi ses œuvres majeures. Joseph de Maistre
27%
Aérostat avec lequel le précédent survola Chambéry en 1784 (deux ans après son invention). La montgolfière
26%
Vin aromatisé ou apéritif à base de vin qui servi avec une liqueur de fraise, donne la "chambéryzette". Le Vermouth
18%
Pont ou "passage aérien", commun au Moyen-âge, situé à la Rue basse du Château, qui porte le nom d'un pont plus célèbre et semblable que l'on trouve à Venise. Le Pont des Soupirs
15%
Aucun quiz correspondant
Distribution des résultats
% des personnes avec chaque résultat
Percentile par nombre de réponses
Votre historique - résultats
Vous n’avez pas pris ce quiz